Rois de France dynastie Bourbon - Statistiques

Statistiques générales
  • Ce quiz a été pris 179 fois
  • Le résultat moyen est 6 sur 7
Statistiques - réponses
Hint Réponse % Correct
1610-1643 Louis XIII
100%
1643-1715 Louis XIV
100%
1715-1774 Louis XV
100%
1774-1792 Louis XVI
100%
1589-1610 Henri IV
94%
1824-1830 Charles X
93%
1814-1824 Louis XVIII
58%
Aucun quiz correspondant
Distribution des résultats
% des personnes avec chaque résultat
Percentile par nombre de réponses
Votre historique - résultats
Vous n’avez pas pris ce quiz